000 00663cam a22002052 4500
001 0000009556
005 20151217152057.0
008 081110s xx 000 0 eng d
020 _a1847104885 :
_cKES 2300
040 _aKABU
_cKABU
110 2 _aThe Association of Chartered Certified Accountants.
_@0000161242
245 1 0 _aAudit and assurance (AA) /
_cACCA.
260 _aWokingham, England :
_bKAPLAN,
_c2007.
300 _axxii, 220 p.
650 0 _aAuditing, Internal.
_@0000151764
650 0 _aAuditing, Internal
_xProblems, exercises, etc.
_@0000161243
908 _a081110
950 _@1
999 _c7970
_d7970